| 000 -GUIDE |
| Champ de contrôle de longueur fixe |
02349nam a22002657a 4500 |
| 003 - IDENTITÉ DU NUMÉRO DE CONTRÔLE |
| Champ de contrôle |
BI-BuBU |
| 008 - ÉLÉMENTS DE LONGUEUR FIXE - RENSEIGNEMENTS GÉNÉRAUX |
| Champ de contrôle de longueur fixe |
161122b2016 bd ||||fr|||| 00| 0 fre d |
| 037 ## - SOURCE D'ACQUISITION |
| Source d'acquisition et du numéro d'inventaire |
Don de l'auteur |
| 039 ## - NIVEAU DE CONTRÔLE BIBLIOGRAPHIQUE ET HISTORIQUE D'ENCODAGE [OBSOLETE] |
| Date creation |
20161122151257.0 |
| Nom catalographe |
Marie Goretti Ndayizeye |
| 040 ## - SOURCE DU CATALOGAGE |
| Organisme qui a effectué le catalogage original |
BI-BuBU |
| Code de la langue utilisée dans le catalogage |
fre |
| Organisme qui a effectué la transcription |
BI-BuBU |
| Organisme qui a effectué la modification |
BI-BuBU |
| 041 0# - CODE DE LANGUE |
| Code de langue du texte/de la piste sonore ou du titre distinct |
fre |
| 080 ## - INDICE DE LA CLASSIFICATION DÉCIMALE UNIVERSELLE (CDU) |
| Indice de la Classification décimale universelle |
372.880.20 |
| 100 1# - VEDETTE PRINCIPALE - NOM DE PERSONNE |
| Code de relation |
aut. |
| Nom de personne |
Nizigiyimana, Aline |
| 245 14 - MENTION DU TITRE |
| Titre |
The problems encountered in teaching and learning the english speacking skill in some selected public primary schools in Vyanda commune |
| Reste du titre |
the case of sixth-form pupils |
| Mention de responsabilité, etc. |
Aline Nizigiyimana;Antoine Nteziryayo,supervisor |
| 260 ## - PUBLICATION, DIFFUSION, ETC. (ADRESSE BIBLIOGRAPHIQUE) |
| Lieu de publication, diffusion, etc. |
Bujumbura |
| Nom de l'éditeur, diffuseur, etc. |
University of Burundi, Faculty ofArts and Social Sciences |
| Date of publication, distribution, etc |
2016 |
| 300 ## - DESCRIPTION MATÉRIELLE |
| Collation |
V-59 f. |
| Dimensions |
30 cm. |
| 500 ## - NOTE GÉNÉRALE |
| Note générale |
A thesis submitted in partial fulfillment of the requirements for the award of the "licence en langue et littérature Anglaises" |
| 520 ## - RÉSUMÉ, ETC. |
| Résumé, etc. |
This research is an exploratory study of problems encountered in the teaching and learning of the speaking skill of English Language in public primary schools especially in 6th form year.<br/><br/>A number of primary school teachers and pupils have been used to investigate it. In order to gather data from the sampled schools, the researcher used three instruments : teacher's questionnaire, pupils interview and classroom observation. The data from the questionnaire and oral test are presented in tables in order to facilitate the researcher to analyse them.<br/><br/>It was found that the major problem, that teachers and learners of primary schools encounter while taching and learning that particular skill are the lack of mixed activities, unqualified teachers and language interference with other languages.<br/><br/>This study enables us to give our contribution on what should be done concerning the findings of this work. Therefore, recommendations are addressed to different partners concerned with the domain of the study namely to the ministry of Education, the teachers of primary schools and to the further researchers in odrer to solve the problems identified.<br/> |
| 650 #7 - VEDETTE-MATIÈRE - NOM COMMUN |
| Source du terme |
BI-BuBU |
| Vedette de sujet ou vedette comportant un nom géographique |
Anglais (Langue) . Enseignement |
| Subdivision générale |
Ecole primaire publique |
| Subdivision géographique |
Vyanda (Commune) .Bururi (Province) |
| 655 #7 - TERME D'INDEXATION - GENRE OU FORME |
| Données ou terme dominant sur le genre ou la forme |
Mémoire |
| 700 1# - VEDETTE SECONDAIRE - NOM DE PERSONNE |
| Code de relation |
dir. |
| Nom d'auteur |
Nteziryayo, Antoine |
| 710 ## - VEDETTE SECONDAIRE - NOM DE COLLECTIVITÉ |
| Nom de la collectivité ou nom de lieu comme élément de classement |
University of Burundi |
| Collectivité subordonnée |
Faculty of Arts and Social Sciences |
| 942 ## - ÉLÉMENTS D'ENTRÉE ADDITIONNELLE (KOHA) |
| Source de la classification ou du système de rangement |
|
| Type d item koha |
Memoire |